| 000 | 00761nam a22002297a 4500 | ||
|---|---|---|---|
| 005 | 20170124105943.0 | ||
| 010 | _a916929 | ||
| 020 | _c00.00 | ||
| 035 | _a916929 | ||
| 037 | _bCen Lib/Ret | ||
| 040 |
_aDPL _bEN |
||
| 082 |
_a309.1543 _bSHA |
||
| 100 |
_aShah, A.M. _911779 |
||
| 245 |
_aThe household dimensions of the family in india : _cby A.M. Shah _ba field study in a Gujarat village and a review of other studies / |
||
| 260 |
_aNew Delhi _bOriental Longman _c1973 |
||
| 270 |
_bNew Delhi _a3/5, asaf ali road _e110001 |
||
| 300 |
_axix, 281p. _c20cm(Hb) |
||
| 500 | _aIncludes appendix, glossary and index | ||
| 650 |
_aHousehold _zIndia _911780 |
||
| 650 |
_aDevelopment cycle _911781 |
||
| 942 |
_2ddc _cEN _h309.1543 _mSHA |
||
| 999 |
_c124735 _d124735 |
||